000 00842cab a2200217 4500
001 X96823
008 090401t1999 xxu||||| |||| 00| 0 eng d
035 _a(Sirsi) u91489
041 _aeng
245 _aRegina v North Yorkshire County Council "ex parte" Brown & another
260 _c1999
350 _a0
490 _aNew Property Cases
_v[1999] New Property Cases 19, (3)
520 _aHL 11 February 1999. Section 22 of the Planning and Compensation Act 1991 can impose a requirement to have an environmental study before conditionsare imposed on an old mining permission. (Headnote from journal) NO PHOTOCOPYING ALLOWED.
650 _aENVIRONMENTAL ASSESSMENT STUDY
650 _aMINING PERMISSION
650 _aPLANNING AND COMPENSATION ACT 1991
690 _aPLANNING LAW AND PRACTICE
942 _n0
948 _c22/02/1999
999 _c58080
_d58080